Record Breaking Rollercoasters Quiz - Statistics

General Stats
  • This quiz has been taken 103 times
  • The average score is 5 of 6
Answer Stats
Hint Answer % Correct
World's Tallest Kingda Ka
99%
Drop Height Kingda Ka
99%
Most Inversions The Smiler
93%
World's Fastest Formula Rossa
86%
World's Longest Steel Dragon 2000
79%
World's Steepest TMNT Shellraiser
66%
No matching quizzes found
Score Distribution
Percent of People with Each Score
Percentile by Number Answered
Your Score History
You have not taken this quiz